| 000 | 00753nas a2200253 4500 | ||
|---|---|---|---|
| 001 | BR9206710 | ||
| 003 | BR-BrBNA | ||
| 005 | 20231205092946.0 | ||
| 007 | ta | ||
| 008 | 230509b bl.|||p| |||| 00| 00por d | ||
| 040 |
_aBR-BrBNA _bpor _cBiblioteca Nacional de Agricultura |
||
| 041 | _a(Pt) | ||
| 072 | _aF02; N20 | ||
| 100 | 1 | _aMasca, M.G.C.C. | |
| 100 | 1 | _aNishimura, T. | |
| 245 | 1 | _aEstudo da semeadura direta mecanizada de tomate (Lycopersicum esculentum Mill.)industrial | |
| 650 | _aTOMATE | ||
| 650 | _aSEMEADURA MECANICA | ||
| 650 | _aPRATICA CULTURAL | ||
| 650 | _aCOVA | ||
| 773 | 0 |
_tRevista de Olericultura (Brazil) _x _g(1976), (no. 16) p. 219-221 _wBR9206710 |
|
| 909 |
_a202311 _bLúcia _c55 _dLúcia Elande |
||
| 942 |
_2AGRIS _n0 _cANA |
||
| 999 |
_c135392 _d135392 |
||